| 000 | 00954nam a22002177a 4500 | ||
|---|---|---|---|
| 008 | 100530t xxu||||| |||| 00| 0 eng d | ||
| 020 | _a9781408017647 | ||
| 082 |
_222 _a005.276 _bGRA |
||
| 100 |
_914385 _aGravell, Andy |
||
| 245 |
_aDynamic Web Application Development using ASP.NET/ _cAndy Gravell, David Parsons |
||
| 260 |
_aAustralia : _bCourse Technology, Cengage Learning, 2010. _c2010 |
||
| 300 |
_a xix, 604 p. : _b ill. ; _c25 cm. |
||
| 500 | _aIncludes index. | ||
| 630 |
_914387 _aActive server pages |
||
| 650 |
_911303 _aWeb site development. |
||
| 650 |
_93680 _aInternet programming. |
||
| 700 |
_914386 _aParsons, David |
||
| 942 |
_2ddc _cBB |
||
| 999 |
_c14025 _d14025 |
||